[Event "SVK-chT2A 9899"]
[Site "SVK"]
[Date "1998.10.18"]
[Round "2"]
[White "Szekely, Stefan"]
[Black "Mruskovic, Radoslav"]
[Result "1-0"]
[WhiteElo "1900"]
[BlackElo "1919"]

1.e4 d6 2.d4 g6 3.Nc3 Bg7 4.Nf3 Nf6 5.Be2 O-O 6.h3 e5 7.dxe5 dxe5 8.Bg5 Nbd7
9.O-O c6 10.Qd6 Re8 11.Rfd1 Bf8 12.Qd2 Qb6 13.Rab1 Qb4 14.a3 Qa5 15.Bc4 Qc7
16.Bxf6 Nxf6 17.Ng5 Bh6 18.h4 Rf8 19.Qd6 Qxd6 20.Rxd6 Bxg5 21.hxg5 Ne8 22.Rd8 Nc7
23.Rbd1 Be6 24.Rxa8 Rxa8 25.Be2 Re8 26.g3 Bc8 27.Bc4 Be6 28.Be2 Kf8 29.f3 Ke7
30.Kf2 Bc8 31.Bc4 b5 32.Ba2 Be6 33.Ke3 Bxa2 34.Nxa2 a5 35.Nc1 Ne6 36.f4 Rd8
37.Rxd8 Kxd8 38.Nd3 exf4+ 39.gxf4 Ke7 40.Ne5 Nd8 41.Ng4 Ne6 42.e5 Ng7 43.Nf6 Nf5+
44.Ke4 h5 45.Nxh5 Nd4 46.Kxd4 gxh5 47.f5 a4 48.c3 c5+ 49.Ke4 Kd7 50.g6 fxg6
51.fxg6 Ke7 52.Kf5  1-0

[Event "SVK-chT2A 9899"]
[Site "SVK"]
[Date "1998.10.18"]
[Round "2"]
[White "Hecko, Dusan"]
[Black "Kebis, Milos"]
[Result "1/2-1/2"]
[WhiteElo "2090"]
[BlackElo "2110"]

1.e4 g6 2.d4 Bg7 3.Nc3 d6 4.f4 Nf6 5.e5 Nfd7 6.Nf3 O-O 7.Be3 c5 8.exd6 exd6
9.Qd2 Nc6 10.Bb5 Qb6 11.Bxc6 bxc6 12.Rb1 Re8 13.dxc5 Qxc5 14.Kf2 Bxc3 15.bxc3 Qf5
16.Rhe1 Nf6 17.Kg1 Qd5 18.Qxd5 Nxd5 19.Bd2 Ba6 20.Kf2 Nf6 21.h3 Ne4+ 22.Kg1 Bc4
23.a3 Bd5 24.Rbd1 Rab8 25.Ng5 h6 26.Nxe4 Rxe4 27.Rxe4 Bxe4 28.Be3 d5 29.Bxa7 Rb5
30.Bd4 Bxc2 31.Rc1 Be4 32.c4 dxc4 33.Rxc4 Rb3 34.Ra4 f5 35.Ra7 Rg3 36.a4 Rxg2+
37.Kf1 g5 38.fxg5 hxg5 39.a5 g4 40.Rg7+ Kf8 41.hxg4 fxg4 42.Rg5 Ra2 43.Rxg4 Bd3+
44.Ke1 Rxa5 45.Kd2 Bf5 46.Rg1 Kf7 47.Rc1 Be4 48.Bc5 Ke6 49.Ke3 Bd5 50.Bd4 Ra4
51.Rc3 Bc4 52.Bc5 Kd5 53.Ra3  1/2-1/2

[Event "Szeged TT10 IM"]
[Site "Szeged"]
[Date "1998.10.19"]
[Round "5"]
[White "Rizsonkov, Vladimir"]
[Black "Ianov, Viktor"]
[Result "0-1"]
[WhiteElo "2285"]
[BlackElo "2350"]

1.e4 g6 2.d4 d6 3.Nc3 Bg7 4.Be3 c6 5.Qd2 Nd7 6.Nf3 b5 7.a3 a6 8.Be2 Bb7 9.O-O Qc7
10.Rfe1 Ngf6 11.h3 O-O 12.Bh6 Rfd8 13.Bxg7 Kxg7 14.Qe3 e5 15.Rad1 Re8 16.Bf1 Rad8
17.Rd2 exd4 18.Qxd4 Nf8 19.Qd3 c5 20.Nd5 Bxd5 21.exd5 Rxe1 22.Nxe1 N8d7 23.c4 Ne5
24.Qc2 Qa5 25.Rd1 Rb8 26.cxb5 axb5 27.Nd3 Nxd3 28.Qxd3 b4 29.Qg3 Rb6 30.Bc4 bxa3
31.bxa3 h5 32.Qd3 Rb2 33.Rc1 Rd2 34.Qf3 Rd4 35.Qb3 h4 36.Qb2 Rd2 37.Qa1 Qa4
38.Qc3 Rd4 39.Ba2 Nh5 40.Re1 Nf4 41.Kh2 Kg8 42.Qf3 Kg7 43.Qc3 Nd3 44.Rf1 Ne5
45.Qb2 Qa6 46.Kg1 Nd3 47.Qc3 Nf4 48.Qb2 Ne2+ 49.Kh2 Nf4 50.Rd1 Qe2 51.Qxe2 Nxe2
52.Rxd4 Nxd4 53.a4 Kf8 54.g3 hxg3+ 55.fxg3 Ke7 56.Kg2 Kd8 57.Kf2 Kc7 58.Ke3 Kb6
59.h4 f5 60.Kf4 Ne2+ 61.Kf3 Nc3 62.Bc4 Ka5 63.Kf4 Kb4 64.Bd3 c4 65.Bc2 Nxd5+
66.Kg5 Ne7 67.Kf6 d5 68.Kxe7 d4 69.Bxf5 gxf5 70.h5 d3 71.h6 d2 72.h7 d1=Q
73.h8=Q c3 74.Qe5 Qd3 75.a5 c2 76.a6 c1=Q 77.a7 Qce3  0-1

[Event "Trier"]
[Site "Trier"]
[Date "1998.10.24"]
[Round "6"]
[White "Bakalarz, Mieczyslaw"]
[Black "Sawadkuhi, Massoud Amir"]
[Result "1-0"]
[WhiteElo "2290"]
[BlackElo "2255"]

1.d4 g6 2.e4 Bg7 3.Nc3 d6 4.g3 c6 5.Bg2 b5 6.Nge2 a6 7.O-O Nd7 8.e5 dxe5
9.Bxc6 Rb8 10.dxe5 Bxe5 11.Bf4 Bxf4 12.Nxf4 Bb7 13.Bxb7 Rxb7 14.Re1 Nb6 15.Ncd5 Rd7
16.Qd4 Nxd5 17.Nxd5 f6 18.Nxf6+ Nxf6 19.Qxf6 Rf8 20.Qxa6 Rf5 21.Qe6 Kf8 22.Re2 Kg7
23.Rae1 Kf8 24.Re5 Rf6 25.Qh3 h5 26.Qf1 b4 27.Qb5 Qb6 28.Qxb6 Rxb6 29.Re6 Rxe6
30.Rxe6 Rd1+ 31.Kg2 Rb1 32.b3 Rb2 33.Rxg6 Rxc2 34.Ra6 Kf7 35.h4 e6 36.Ra5 Kg6
37.Rg5+ Kf6 38.Rxh5 Rxa2 39.Rb5  1-0

[Event "BL9899 (Women)"]
[Site "Germany"]
[Date "1998.10.25"]
[Round "2.4"]
[White "Werner, Isabel"]
[Black "Mueller, Andrea"]
[Result "1-0"]
[WhiteElo "2195"]
[BlackElo "2155"]

1.e4 g6 2.d4 Bg7 3.Nc3 d6 4.Be3 c6 5.f4 Nf6 6.h3 Qb6 7.Qd2 d5 8.e5 Nfd7 9.O-O-O e6
10.g4 Qc7 11.f5 b5 12.Nf3 b4 13.Nb1 c5 14.f6 Bf8 15.Bh6 Bxh6 16.Qxh6 cxd4
17.Bb5 Ba6 18.Qg7 Rf8 19.Nxd4 Bxb5 20.Nxb5 Qxe5 21.Rhf1 Na6 22.Rde1 Qg5+
23.Nd2 O-O-O 24.Nd6+ Kb8 25.Nxf7 Rxf7 26.Qxf7 Nac5 27.Re2 d4 28.Qe7 Rc8 29.Qd6+ Ka8
30.Kb1 d3 31.cxd3 Nxf6 32.Ref2 Qd5 33.Qxd5+ Nxd5 34.Rf8 Rxf8 35.Rxf8+ Kb7
36.Rf7+ Kc6 37.Rxh7 Nxd3 38.Kc2 N3f4 39.Nf3 a5 40.Ng5 Kd6 41.Ra7 Kc5 42.Rxa5+ Kd4
43.a4 bxa3 44.Ra4+ Kc5 45.bxa3 Ne3+ 46.Kb3 e5 47.Re4 Ned5 48.Rxe5  1-0

[Event "Wch U18"]
[Site "Oropesa del Mar"]
[Date "1998.10.25"]
[Round "1"]
[White "Garbarino, Xavier"]
[Black "Kallio, Heikki"]
[Result "0-1"]
[WhiteElo "2095"]
[BlackElo "2360"]

1.d4 g6 2.e4 Bg7 3.Nc3 d6 4.h3 c6 5.a4 Na6 6.Nf3 Nc7 7.Bf4 a6 8.a5 Nb5 9.Qd2 Nxc3
10.bxc3 Nf6 11.e5 dxe5 12.Bxe5 O-O 13.Bd3 Be6 14.O-O Qc8 15.Rfb1 c5 16.Ng5 Bd7
17.Ne4 cxd4 18.cxd4 Bc6 19.Nc5 Qd8 20.c4 Qc8 21.Qb4 Nh5 22.Bxg7 Bxg2 23.Be5 Qxh3
24.Bh2 Bf3 25.Bf1 Qg4+  0-1

[Event "Bourbon Lancy op"]
[Site "Bourbon Lancy"]
[Date "1998.10.26"]
[Round "4"]
[White "Libiszewski, Fabien"]
[Black "Lupu, Mircea Sergiu"]
[Result "1/2-1/2"]
[WhiteElo "2200"]
[BlackElo "2520"]

1.e4 d6 2.d4 g6 3.Nc3 Bg7 4.Nf3 Nf6 5.Be2 O-O 6.O-O c6 7.Bg5 Qc7 8.a4 e5
9.Qd2 Re8 10.d5 c5 11.h3 Nbd7 12.Qe3 a6 13.a5 h5 14.Nd2 Nh7 15.Bh6 Ndf6 16.Bxg7 Kxg7
17.Nc4 Bd7 18.Nb6 Rad8 19.Rfc1 Re7 20.Nca4 Bxa4 21.Rxa4 Nd7 22.Nc4 Rf8 23.Qg3 Ndf6
24.Bd3 Nd7 25.Be2 Nhf6 26.Qh4 Ree8 27.Ra3 Rh8 28.Rf1 Nh7 29.Qg3 Ndf6 30.Bd3 Nd7
31.Be2 h4 32.Qc3 Nhf6 33.Qe3 Re7 34.c3 Ree8 35.Rc1 Ref8 36.Raa1 Nh5 37.Bxh5 Rxh5
38.Qe2 f5 39.f3 Nf6 40.Rf1 Qe7 41.Qc2 Rg5 42.Rae1 Nh5 43.exf5 Nf4 44.Ne3 gxf5
45.Kh2 Rf6 46.b4 c4 47.Rg1 Qf7 48.Qa2 Rfg6 49.Qxc4 Kh7 50.Qa2 Rg3 51.Qc2 R6g5
52.c4 Qh5 53.Ref1 Qg6 54.c5 e4 55.fxe4 Nxg2 56.Rxg2 Rxe3 57.Rxf5 Rgg3 58.Qf2 Rxe4
59.Rf7+ Kg8 60.Rxb7 Re8 61.c6 Rf8 62.Qe2 Re8 63.Qf2 Rf8  1/2-1/2

[Event "Wch U18 Girls"]
[Site "Oropesa del Mar"]
[Date "1998.10.29"]
[Round "4"]
[White "Krivec, Jana"]
[Black "Reizniece, Dana"]
[Result "0-1"]
[WhiteElo "2180"]
[BlackElo "2170"]

1.e4 d6 2.d4 g6 3.Nc3 Bg7 4.Be3 a6 5.Bc4 b5 6.Bb3 Nf6 7.f3 Nbd7 8.a4 b4 9.Nd5 Nxd5
10.Bxd5 Rb8 11.Qd2 e6 12.Bc6 O-O 13.Bh6 Qh4+  0-1

[Event "Corsican op"]
[Site "Bastia"]
[Date "1998.11.02"]
[Round "4"]
[White "Marciano, David"]
[Black "Agrest, Evgenij"]
[Result "1-0"]
[WhiteElo "2525"]
[BlackElo "2545"]

1.e4 d6 2.d4 g6 3.Nc3 Bg7 4.Be3 a6 5.f4 Nd7 6.Be2 c5 7.dxc5 Nxc5 8.Bd4 Bxd4
9.Qxd4 Nf6 10.O-O-O Ne6 11.Qe3 Qa5 12.Kb1 Qc5 13.Qd2 b5 14.Bf3 Rb8 15.Nge2 Bb7
16.Rhe1 O-O 17.Nd5 Bxd5 18.exd5 Nc7 19.Nd4 Rbe8 20.f5 Kh8 21.fxg6 fxg6 22.Nc6 Rf7
23.b4 Qb6 24.Re2 Na8 25.Rde1 Qc7 26.Qd4 Kg8 27.a3 Kf8 28.Rxe7 Rexe7 29.Rxe7 Qb6
30.Ra7 Rxa7 31.Qxf6+ Kg8 32.Nxa7 Qxa7 33.Qxd6 Qg1+ 34.Ka2 Nb6 35.Qd8+ Kf7
36.Qc7+ Kg8 37.d6 Qd4 38.Qc5 Qd2 39.Be4 Na4 40.Qd5+ Qxd5+ 41.Bxd5+ Kf8 42.Bb7 Kf7
43.Kb3 Ke6 44.Bxa6 Kxd6 45.Bxb5 Nb6 46.c4  1-0

[Event "Chigorin mem"]
[Site "St. Petersburg"]
[Date "1998.11.03"]
[Round "4"]
[White "Galkin, Alexander"]
[Black "Loginov, Anton"]
[Result "1-0"]
[WhiteElo "2540"]
[BlackElo "2255"]

1.e4 g6 2.d4 Bg7 3.Nc3 d6 4.Be3 a6 5.Qd2 Nd7 6.Nge2 b5 7.d5 e5 8.O-O-O h5
9.g3 h4 10.Rg1 Nb6 11.b3 b4 12.Nb1 a5 13.a3 Kf8 14.axb4 a4 15.c4 Bg4 16.Re1 hxg3
17.hxg3 Rh2 18.Nec3 axb3 19.Kb2 Qb8 20.Kxb3 Nf6 21.Be2 Bd7 22.Rh1 Rxh1 23.Rxh1 Na4
24.b5 Nb6 25.f3 Nh5 26.Rg1 Ra1 27.Qb2 Qa7 28.Kc2 f5 29.c5 dxc5 30.Bxc5+ Ke8
31.Qb4 Nf6 32.Rd1 Ra2+ 33.Kb3 Rxe2 34.Nxe2 fxe4 35.fxe4 Bg4 36.Nbc3 Nfd7
37.Rd2 Bf3 38.Ra2 Qb8 39.Nc1 Bg4 40.Nd3 Qd8 41.Rf2 Qg5 42.Bxb6 cxb6 43.Qc4 Qe3
44.Qc8+ Ke7 45.d6+ Ke6 46.Qc4+  1-0

[Event "Chigorin mem"]
[Site "St. Petersburg"]
[Date "1998.11.06"]
[Round "6"]
[White "Nikanorov, Andrej"]
[Black "Gassij, Oksana"]
[Result "1-0"]
[WhiteElo "2265"]
[BlackElo "2105"]

1.e4 d6 2.d4 g6 3.Nc3 Bg7 4.Be3 Nf6 5.f3 O-O 6.Qd2 c6 7.O-O-O Na6 8.g4 b5
9.Bh6 Qa5 10.h4 b4 11.Nb1 Kh8 12.Bc4 Ng8 13.Bxg7+ Kxg7 14.h5 d5 15.hxg6 fxg6
16.Qg5 Qc7 17.exd5 cxd5 18.Bxd5 Rb8 19.Nd2 Rb5 20.Rxh7+ Kxh7 21.Bxg8+ Kxg8
22.Qxb5 Rf6 23.Qc4+ Kg7 24.Qxc7 Nxc7 25.Ne4 Ra6 26.Kb1 Be6 27.b3 Nd5 28.Ne2 Rc6
29.Rd3 a5 30.c4 bxc3 31.N4xc3 Nb4 32.Re3 Kf7 33.Nf4 Bc8 34.Kb2 Bb7 35.a3 Na6
36.Ncd5 e6 37.Nc3 Rd6 38.Nfe2 Nc7 39.Ne4 Rb6 40.N2c3 Nd5 41.Nxd5 Bxd5 42.Nc5 Rc6
43.f4 Rc8 44.Rh3 Kg7 45.g5 Rf8 46.Rh4 Rb8 47.Kc3 Ra8 48.Nd7 Rc8+ 49.Kb2 Be4
50.Nc5 Bd5 51.Kc3 Ra8 52.Kd2 Rb8 53.Rh3 Rf8 54.Ke3 Rb8 55.Rh2 Rc8 56.Kf2 Rf8
57.Kg3 Rc8 58.Kg4 Rd8 59.Kg3 Rc8 60.Rb2 Ra8 61.Re2 Kf7 62.f5 gxf5 63.Rh2 Rc8
64.Kf4 Rb8 65.Rh3 Kg7 66.Ke5 Kg6 67.Kf4 Kg7 68.Rh2 Rb6 69.Rb2 Rb8 70.b4 axb4
71.Rxb4 Rh8 72.Ke5 Kf7 73.Nxe6 Bxe6 74.Rb7+ Kg6 75.Kxe6 Ra8 76.Rb3 Kxg5 77.d5 Re8+
78.Kf7 Rh8 79.d6 Rh7+ 80.Ke6 Rh6+ 81.Ke5 Rh1 82.Rg3+ Kh4 83.Rd3 Kg4 84.d7 f4
85.d8=Q Re1+ 86.Kd6  1-0

[Event "Young Masters 5th"]
[Site "Loures"]
[Date "1998.11.07"]
[Round "5"]
[White "Rocha, Sergio"]
[Black "Reis, Luis Sousa"]
[Result "1-0"]
[WhiteElo "2425"]
[BlackElo "2225"]

1.e4 g6 2.d4 Bg7 3.Nc3 d6 4.Bg5 c6 5.Qd2 Qa5 6.f4 b5 7.Nf3 Bg4 8.Be2 Nf6
9.Bxf6 Bxf6 10.e5 Bg7 11.h3 Bf5 12.O-O Nd7 13.a3 O-O 14.Nd5 Qd8 15.Ne3 Be4
16.Ng5 Bd5 17.Nxd5 cxd5 18.e6 f6 19.Nf3 Nb6 20.f5 Nc4 21.Qc1 Qb6 22.Kh1 Rfc8
23.Bd3 gxf5 24.b3 Ne5 25.dxe5 dxe5 26.Bxf5 e4 27.Nh2 Qd4 28.Qf4 Rxc2 29.Qh4 h6
30.Qh5 Qd2 31.Qf7+ Kh8 32.Qg6 Kg8 33.Rad1 Qg5 34.Qxg5 fxg5 35.Rxd5 Re2 36.Bg4 Re3
37.Rxb5 Bf6 38.Rd1 Rc8 39.Nf1 Rec3 40.Rb4 e3 41.Re4 Rxb3 42.Rxe3 Rcc3 43.Rxc3 Rxc3
44.a4 Ra3 45.Rd8+ Kg7 46.Bd1 h5 47.Kg1 Be5 48.Kf2 h4 49.Nd2 Bg3+ 50.Ke2 Bf4
51.Nc4 Ra2+ 52.Kf3 Kf6 53.Bb3 Ra1 54.Rd1  1-0

[Event "BEL-chT9899"]
[Site "Antwerp"]
[Date "1998.11.08"]
[Round "2"]
[White "Van Houtte, Thierry"]
[Black "Cuijpers, Frans Andre"]
[Result "1/2-1/2"]
[WhiteElo "2220"]
[BlackElo "2425"]

1.e4 g6 2.d4 Bg7 3.Nc3 d6 4.f4 Nf6 5.Nf3 O-O 6.Bd3 Na6 7.O-O c5 8.d5 Bg4
9.Qe1 Nb4 10.a3 Nxd3 11.cxd3 Bxf3 12.Rxf3 e6 13.dxe6 fxe6 14.Qh4 Qd7 15.Bd2 d5
16.e5 d4 17.Nd1 Nd5 18.Nf2 Qb5 19.b4 Ne3 20.Qe7  1/2-1/2

[Event "Donetzk zt"]
[Site "Donetsk"]
[Date "1998.11.10"]
[Round "8"]
[White "Sulipa, Aleksandar"]
[Black "Zubarev, Alexander"]
[Result "0-1"]
[WhiteElo "2415"]
[BlackElo "2440"]

1.e4 g6 2.d4 Bg7 3.Nc3 d6 4.Nf3 Nf6 5.h3 O-O 6.Bf4 a6 7.a4 b6 8.Bd3 Nc6 9.d5 Nb4
10.O-O e5 11.dxe6 Bxe6 12.Nd4 Nxd3 13.Qxd3 Bd7 14.Rfe1 Re8 15.Rad1 Qc8 16.b3 Qb7
17.f3 d5 18.Bg5 dxe4 19.fxe4 h6 20.Bxf6 Bxf6 21.Rf1 Bg7 22.Qc4 Re7 23.Rf4 c6
24.Kh1 Be8 25.Rff1 b5 26.axb5 axb5 27.Qc5 Qc7 28.Nf3 Qa7 29.Qxa7 Raxa7 30.e5 Bxe5
31.Nxe5 Rxe5 32.Rfe1 Rae7 33.Rxe5 Rxe5 34.b4 Kf8 35.Kg1 Re3 36.Rd3 Re1+ 37.Kf2 Rc1
38.Rd2 f5 39.h4 Bf7 40.Ne2 Rh1 41.Rd4 Ke7 42.c3 Bc4 43.Nf4 Kf6 44.Nh3 Rf1+
45.Ke3 Re1+ 46.Kf2 Re2+ 47.Kf3 Rc2 48.Rd6+ Ke5 49.Rxg6 Rxc3+ 50.Kf2 Rc2+
51.Ke3 Re2+ 52.Kf3 Rb2 53.Rxh6 Bd5+ 54.Ke3 Rxb4 55.Nf2 f4+ 56.Ke2 Rb2+ 57.Kd1 Rb1+
58.Ke2 Bc4+ 59.Kd2 Rb2+ 60.Ke1 Re2+ 61.Kf1 Kd5 62.Kg1 b4 63.Nh3 Re1+ 64.Kh2 Rf1
65.Rf6 b3 66.Nxf4+ Rxf4  0-1

[Event "Budapest FS11 IM-A"]
[Site "Budapest"]
[Date "1998.11.11"]
[Round "5"]
[White "Farago, Sandor"]
[Black "Belotelov, Dimitri"]
[Result "1-0"]
[WhiteElo "2335"]
[BlackElo "2245"]

1.e4 g6 2.d4 Bg7 3.Nc3 d6 4.Nf3 a6 5.Be3 b5 6.a4 b4 7.Ne2 Bb7 8.Ng3 Nd7 9.c3 bxc3
10.bxc3 Ngf6 11.Bc4 e6 12.Bd3 c5 13.O-O O-O 14.h3 Qc7 15.Re1 Rfe8 16.Qd2 e5
17.d5 Bxd5 18.exd5 e4 19.Be2 exf3 20.Bxf3 Ne5 21.Be2 h5 22.Bg5 c4 23.Red1 Rac8
24.a5 Nfd7 25.Bh6 Bh8 26.Ne4 f5 27.Ng5 Nc5 28.Rab1 Rb8 29.Ne6 Nxe6 30.dxe6 Rxe6
31.Rxb8+ Qxb8 32.Qd5 Qc8 33.f4 Kh7 34.fxe5 Kxh6 35.Qd2+ Kh7 36.exd6 Be5 37.d7 Qd8
38.Bxc4 Rd6 39.Qe2  1-0

[Event "SLO-chT"]
[Site "Bled"]
[Date "1998.11.12"]
[Round "6"]
[White "Sveshnikov, Evgeny"]
[Black "Marangunic, Srdjan"]
[Result "1/2-1/2"]
[WhiteElo "2575"]
[BlackElo "2455"]

1.e4 g6 2.d4 Bg7 3.Nc3 d6 4.Be3 c6 5.f4 Qb6 6.Rb1 Nf6 7.Nf3 O-O 8.Bd3 Qc7
9.h3 Na6 10.b4 e5 11.O-O exd4 12.Bxd4 Qe7 13.Qd2 b6 14.b5 cxb5 15.Bxb5 Bb7
16.Nd5 Bxd5 17.exd5 Nc5 18.Rbe1 Qd8 19.f5 a6 20.Bc6 Ra7 21.fxg6 hxg6 22.Qe3 Nh7
23.c3 Rc7 24.Rf2 Bxd4 25.cxd4 Nd7 26.Qh6 Nb8 27.Re4 Qf6 28.Rh4 Qg7 29.Qf4 Rd8
30.Rxh7 Qxh7 31.Ng5 Qg7 32.Ne4 Nxc6 33.Nf6+ Kf8 34.dxc6 Rxc6 35.Qh4 Rdc8
36.Nd7+ Kg8 37.Nf6+ Kf8  1/2-1/2

[Event "Donetzk zt"]
[Site "Donetsk"]
[Date "1998.11.13"]
[Round "11"]
[White "Brodsky, Michail"]
[Black "Baklan, Vladimir"]
[Result "1-0"]
[WhiteElo "2525"]
[BlackElo "2585"]

1.e4 g6 2.d4 Bg7 3.Nc3 d6 4.g3 Nc6 5.d5 Nd4 6.Be3 c5 7.dxc6 Nxc6 8.Bg2 Nf6
9.h3 Bd7 10.Nge2 Qc8 11.b3 O-O 12.Rc1 Rb8 13.Qd2 b5 14.Nd5 Re8 15.c4 bxc4
16.Rxc4 Qd8 17.Rc1 a5 18.O-O Nb4 19.Nd4 e5 20.Nxf6+ Bxf6 21.Ne2 Bb5 22.Rfd1 Nc6
23.Re1 Bxe2 24.Rxc6 Bb5 25.Rxd6 Qe7 26.a4 Red8 27.Rxd8+ Rxd8 28.Qxa5 Bd3
29.b4 Bc2 30.b5 Qa3 31.Qb6 Be7 32.a5 Qc3 33.Rc1 Rc8 34.a6 Ba3 35.Rf1 Bd3
36.a7  1-0

[Event "AUT-chT2O 9899"]
[Site "AUT"]
[Date "1998.11.14"]
[Round "3"]
[White "Hardt, Christian"]
[Black "Wiedner, Robert"]
[Result "1/2-1/2"]
[WhiteElo "2165"]
[BlackElo "2215"]

1.e4 g6 2.Nc3 Bg7 3.d4 d6 4.Be3 Nd7 5.Be2 c6 6.Nf3 Qc7 7.a4 Ngf6 8.h3 h6
9.a5 Nf8 10.O-O Ne6 11.Nh4 Ng5 12.Bd3 e5 13.f4 exf4 14.Bxf4 Nh5 15.Be3 Ng3
16.Re1 Qe7 17.Nf3 Be6 18.Kh2 Nh5 19.Qd2 Nxf3+ 20.gxf3 Qh4 21.Qg2 Nf4 22.Qg3 Qxg3+
23.Kxg3 Nxd3 24.cxd3 O-O 25.h4 d5 26.Na4 Rad8 27.Nc5 Bc8 28.Red1 Rfe8 29.Bf2 Bf8
30.Rac1 Bd6+ 31.e5 Bc7 32.b4 f6 33.f4 g5 34.hxg5 hxg5 35.fxg5 fxe5 36.Kg2 exd4
37.Bxd4 Re2+ 38.Kf3 Rh2 39.Rh1 Rf8+ 40.Bf6 b6  1/2-1/2

[Event "AUT-chT2O 9899"]
[Site "AUT"]
[Date "1998.11.14"]
[Round "3"]
[White "Eibersberger, Manfred"]
[Black "Holzer, Gerhard"]
[Result "0-1"]
[WhiteElo "2240"]
[BlackElo "2250"]

1.e4 d6 2.d4 g6 3.Nc3 Bg7 4.Be3 c6 5.Qd2 Qc7 6.Bd3 Nd7 7.Nf3 e5 8.O-O Ngf6
9.Bh6 O-O 10.Bxg7 Kxg7 11.Ne2 exd4 12.Nexd4 Ne5 13.Nxe5 dxe5 14.Nf5+ Bxf5
15.exf5 Rad8 16.Qe3 b6 17.Rfe1 Rfe8 18.Qg3 Rd4 19.f3 Nh5 20.Qf2 Qd8 21.Re4 Nf4
22.Rxd4 exd4 23.Re1 Qg5 24.f6+ Kh6 25.h4 Rxe1+ 26.Kh2 Qe5  0-1

[Event "AUT-chT2O 9899"]
[Site "AUT"]
[Date "1998.11.14"]
[Round "3"]
[White "Sandhu, Mario"]
[Black "Sulyok, Michael"]
[Result "0-1"]
[WhiteElo "2175"]
[BlackElo "2220"]

1.e4 g6 2.d4 Bg7 3.Nc3 d6 4.Be3 a6 5.Bd3 Nd7 6.Nce2 c5 7.c3 b5 8.Qd2 Bb7
9.h4 Ngf6 10.f3 e5 11.Nh3 d5 12.Nf2 cxd4 13.cxd4 dxe4 14.fxe4 exd4 15.Bxd4 O-O
16.O-O-O Qe7 17.Bc2 Rfd8 18.Ng3 Ne5 19.Qg5 Nc6 20.Bb6 Rxd1+ 21.Rxd1 h6 22.Qe3 Nd7
23.Nd3 Nxb6 24.Qxb6 Bd4  0-1

[Event "DEN-chT 9899"]
[Site "Denmark"]
[Date "1998.11.14"]
[Round "2"]
[White "Pedersen, Steffen"]
[Black "Kjeldsen, Jens"]
[Result "1-0"]
[WhiteElo "2415"]
[BlackElo "2435"]

1.d4 g6 2.e4 Bg7 3.Nc3 d6 4.Be3 a6 5.Qd2 Nd7 6.Nf3 b5 7.a4 b4 8.Ne2 c5 9.Ng3 Qc7
10.c3 bxc3 11.bxc3 Ngf6 12.h3 Bb7 13.Bd3 O-O 14.O-O Rfc8 15.Rfc1 Rab8 16.Bh6 c4
17.Bc2 Qa5 18.Bxg7 Kxg7 19.Re1 Ne8 20.Ng5 Nf8 21.e5 h6 22.Nxf7 Kxf7 23.Qxh6 Ng7
24.Re3 dxe5 25.Rxe5 Qb6 26.Rae1 Rc7 27.Rxe7+ Rxe7 28.Rxe7+ Kxe7 29.Qxg7+ Kd8
30.Qxf8+ Kc7 31.Qe7+ Kc8 32.Nf5  1-0

[Event "SVK-chT2A 9899"]
[Site "SVK"]
[Date "1998.11.14"]
[Round "3"]
[White "Klanica, Anton"]
[Black "Lukac, Stefan"]
[Result "1-0"]
[WhiteElo "1630"]
[BlackElo "1869"]

1.e4 d6 2.d4 g6 3.Nc3 Bg7 4.Be3 Nf6 5.f3 c6 6.Qd2 b5 7.a3 a6 8.Bd3 Bb7 9.Nge2 Nbd7
10.Ng3 Rc8 11.Nce2 e5 12.c3 c5 13.dxc5 Nxc5 14.Bc2 O-O 15.O-O Qc7 16.Kh1 Rfd8
17.Rad1 h5 18.Nc1 d5 19.Bxc5 Qxc5 20.exd5 Rxd5 21.Qe2 Rxd1 22.Rxd1 Re8 23.Nb3 Qb6
24.Nd2 Nd5 25.Bb3 Nf4 26.Qf1 Rd8 27.Nde4 Bd5 28.Bxd5 Rxd5 29.Rxd5 Nxd5 30.Qg1 Qc7
31.Qc5 Qd7 32.Qd6 Qxd6 33.Nxd6 f5 34.c4 bxc4 35.Nxc4 Kf7 36.Kg1 Ke6 37.Ne2  1-0

[Event "BL9899 (Women)"]
[Site "Germany"]
[Date "1998.11.15"]
[Round "4.5"]
[White "Barthel, Bergit"]
[Black "Voiska, Margarita"]
[Result "0-1"]
[WhiteElo "2100"]
[BlackElo "2335"]

1.e4 g6 2.d4 Bg7 3.Nc3 d6 4.Be3 Nd7 5.Nf3 e6 6.Be2 Ne7 7.Qd2 h6 8.g4 a6 9.g5 h5
10.Nh4 b5 11.O-O-O Bb7 12.Bf3 Nb6 13.Bg2 Nc4 14.Qe2 c5 15.e5 Bxg2 16.Nxg2 cxd4
17.Bxd4 Nf5 18.f4 Qa5 19.Ne3 Nfxe3 20.Bxe3 Qb4  0-1

[Event "BL2-W9899"]
[Site "Germany"]
[Date "1998.11.22"]
[Round "2.8"]
[White "Grosse Kloenne, Elmar"]
[Black "Meyer, Armin"]
[Result "1-0"]
[WhiteElo "2270"]
[BlackElo "2295"]

1.e4 g6 2.d4 Bg7 3.Nc3 d6 4.Bg5 c6 5.Qd2 Qa5 6.f4 Nd7 7.Nf3 e5 8.fxe5 dxe5
9.d5 f6 10.Be3 Ne7 11.Bc4 Nb6 12.Bb3 cxd5 13.Nxd5 Qxd2+ 14.Nxd2 Nbxd5 15.exd5 Nf5
16.Bf2 Nd6 17.O-O b6 18.a4 Ba6 19.Rfe1 Kd7 20.c3 Bd3 21.Ba2 Rhc8 22.a5 b5
23.Nb3 Bc4 24.Nc5+ Ke7 25.Red1 Be2 26.Rd2 Bg4 27.b4 Bh6 28.Rb2 Bd7 29.Re1 a6
30.h3 Nc4 31.Bxc4 bxc4 32.Be3 Bg7 33.Rf2 Bf8 34.Ne4 Bf5 35.Nxf6 Kxf6 36.g4 Rd8
37.Ref1 Rxd5 38.gxf5 g5 39.Rg2 Bh6 40.h4 Rg8 41.hxg5+ Bxg5 42.Bxg5+ Rxg5
43.Rxg5 Kxg5 44.f6 Rd8 45.f7 Rf8 46.b5 axb5 47.a6 Kg6 48.a7 Kg7 49.Kh2 b4
50.cxb4 c3 51.b5 c2 52.b6 Rxf7 53.Rg1+  1-0

[Event "Sisak"]
[Site "Sisak"]
[Date "1998.11.25"]
[Round "8"]
[White "Berezjuk, Sergej"]
[Black "Badea, Bela"]
[Result "1/2-1/2"]
[WhiteElo "2410"]
[BlackElo "2530"]

1.e4 g6 2.d4 Bg7 3.Nc3 d6 4.Nf3 a6 5.Be2 b5 6.O-O Nd7 7.a4 b4 8.Nd5 a5 9.c3 e6
10.Ne3 Bb7  1/2-1/2

[Event "Iona Tech Masters"]
[Site "Kilkenny"]
[Date "1998.11.27"]
[Round "1"]
[White "Jackson, Sheila"]
[Black "Conquest, Stuart"]
[Result "0-1"]
[WhiteElo "2165"]
[BlackElo "2490"]

1.e4 g6 2.d4 Bg7 3.Nc3 d6 4.Nf3 Nf6 5.Be2 O-O 6.O-O Na6 7.h3 c5 8.e5 dxe5
9.dxe5 Nd7 10.Bf4 Nc7 11.Qc1 b6 12.Bh6 Bb7 13.Bxg7 Kxg7 14.Rd1 Qc8 15.Qg5 Re8
16.Qh4 Nf8 17.Rd2 h6 18.Nh2 g5 19.Qg4 Ng6 20.Qxc8 Raxc8 21.Bf3 Ba6 22.Ng4 Ne6
23.Ne2 Rcd8 24.Rad1 Nh4 25.Rxd8 Rxd8 26.Rxd8 Nxd8 27.Ng3 Nxf3+ 28.gxf3 Kg6
29.Ne3 Nc6 30.e6 f6 31.Ngf5 Bc8 32.h4 h5 33.hxg5 fxg5 34.Ng3 Bxe6  0-1

[Event "Iona Tech Masters"]
[Site "Kilkenny"]
[Date "1998.11.28"]
[Round "4"]
[White "Lalic, Bogdan"]
[Black "Turner, Matthew"]
[Result "1-0"]
[WhiteElo "2560"]
[BlackElo "2475"]

1.d4 g6 2.e4 Bg7 3.Nc3 d6 4.f4 Nd7 5.Nf3 c6 6.Bd3 e5 7.dxe5 dxe5 8.Qe2 Ne7
9.f5 Nc5 10.Bc4 gxf5 11.Ng5 Ne6 12.Nxf7 Kxf7 13.exf5 Nxf5 14.O-O Re8 15.Rxf5+ Kg8
16.Be3 Kh8 17.Rh5 e4 18.Rf1 Qe7 19.Nxe4 Bd7 20.Rxh7+ Kxh7 21.Qh5+ Kg8 22.Ng5 Qxg5
23.Bxg5 Rf8 24.Rd1  1-0

[Event "AMEBS"]
[Site "La Plata"]
[Date "1998.11.28"]
[Round "7"]
[White "Hernandez, Gilberto"]
[Black "Garcia Palermo, Carlos"]
[Result "1/2-1/2"]
[WhiteElo "2520"]
[BlackElo "2470"]

1.e4 g6 2.d4 Bg7 3.Nc3 d6 4.Nge2 b6 5.Be3 Bb7 6.Qd2 Nd7 7.f3 e6 8.O-O-O a6
9.g4 h5 10.gxh5 Rxh5 11.Ng3 Rh8 12.Kb1 Qh4 13.Bg2 Bh6 14.f4 Ne7 15.Rdf1 O-O-O
16.Nge2 Nf5 17.Bf2 Qe7 18.Rhg1 Nh4 19.Bh1 f5 20.Qe1 Bf8 21.Rg5 Qh7 22.Bxh4 Qxh4
23.Rxg6 Qxh2 24.Rxe6 Qh3 25.d5 Nc5 26.Rg6 Re8 27.Bg2 Qh7 28.exf5 Qf7 29.Qg3 Be7
30.b4 Nd7 31.Nd4 Bf6 32.Ne6 Nf8 33.Rg4 Rh6 34.Qd3 Bh8 35.Ne4 Kb8 36.Rg5 Nh7
37.c3 Rh2 38.Rf2 Nxg5 39.N4xg5 Qf6 40.Rc2 Rc8 41.a4 Qh6 42.Kb2 Qf6 43.b5  1/2-1/2

[Event "AUT-chT2M 9899"]
[Site "Austria"]
[Date "1998.11.29"]
[Round "3"]
[White "Brestan, Peter"]
[Black "Hackbarth, Wolfgang"]
[Result "1/2-1/2"]
[WhiteElo "2021"]
[BlackElo "2190"]

1.d4 g6 2.e4 Bg7 3.Nc3 d6 4.f4 Nh6 5.Nf3 Bg4 6.Be3 Nd7 7.Be2 e6 8.Qd2 f5
9.e5 Bxf3 10.Bxf3 d5 11.h3 Nb6 12.Be2 Bf8 13.g4 Rc8 14.g5 Nf7 15.h4 a6 16.O-O-O c5
17.h5 Rg8 18.hxg6 hxg6 19.dxc5 Bxc5 20.Bxc5 Rxc5 21.Rh7 Qd7 22.Qd4 Qc6 23.Rd2 Nc4
24.Bxc4 Rxc4 25.Qa7 Rxf4 26.Qb8+ Nd8 27.Rc7 Qb6 28.Qc8 Rf1+ 29.Rd1 Rxd1+
30.Nxd1 Qb5 31.Nc3 Qf1+ 32.Nd1 Qb5  1/2-1/2

[Event "Oberliga Sued W9899"]
[Site "Wuertemberg"]
[Date "1998.11.29"]
[Round "3"]
[White "Bronznik, Valerij"]
[Black "Held, Paul"]
[Result "0-1"]
[WhiteElo "2405"]
[BlackElo "2295"]

1.d4 g6 2.e4 d6 3.Nc3 Bg7 4.Bg5 Nf6 5.e5 dxe5 6.dxe5 Ng4 7.Qxd8+ Kxd8 8.Rd1+ Bd7
9.e6 fxe6 10.Be2 Ne5 11.f4 Nf7 12.Nf3 Nc6 13.O-O Nd6 14.a3 Ke8 15.Rfe1 a6
16.Bf1 Rd8 17.Ne5 Nxe5 18.fxe5 Nf7 19.Bf4 Bc8 20.Bd3 Rf8 21.Re2 Nh6 22.g3 Kf7
23.Rde1 Kg8 24.Na4 Nf5 25.Be4 b6 26.Nc3 Nd4 27.Rf2 Nf5 28.Bg2 Rd4 29.Ne4 Rfd8
30.Rff1 Rf8 31.c3 Rdd8 32.Rd1 h6 33.h4 Rxd1 34.Rxd1 Nxh4 35.Bh1 Nf5 36.g4 Nh4
37.Bg3 Nf3+ 38.Bxf3 Rxf3 39.Kg2 Rf8 40.Nf2 Kf7 41.Kh2 Ke8 42.Nd3 g5 43.c4 Bb7
44.Kh3 Bf3 45.Rc1 h5 46.gxh5 Rh8 47.Bf2 Rxh5+ 48.Kg3 g4 49.Bd4 Rh3+ 50.Kf2 Be4
51.Ne1 c5 52.Be3 Bxe5  0-1

[Event "Wch U20"]
[Site "Calicut"]
[Date "1998.11.30"]
[Round "13"]
[White "Sandeepan, Chanda"]
[Black "Nataf, Igor Alexandre"]
[Result "1-0"]
[WhiteElo "2130"]
[BlackElo "2485"]

1.e4 g6 2.d4 Bg7 3.Nc3 d6 4.Nf3 Nf6 5.Be2 O-O 6.O-O c6 7.h3 Nbd7 8.e5 Ne8
9.Bc4 d5 10.Be2 f6 11.exf6 exf6 12.Bf4 Rf7 13.Bd3 Nf8 14.Qd2 Ne6 15.Bg3 Nd6
16.Rfe1 Re7 17.Re2 Nf7 18.Rae1 Bh6 19.Qd1 b5 20.h4 Re8 21.h5 g5 22.Nh2 Bd7
23.Ng4 Ng7 24.Rxe8+ Nxe8 25.Qf3 Bg7 26.Nd1 Nh6 27.Nxh6+ Bxh6 28.Ne3 Ng7 29.Ng4 Bxg4
30.Qxg4 Qc8 31.Qxc8+ Rxc8 32.Re7 a5 33.Bc7 a4 34.g4 Re8 35.Rd7 Re6 36.Kg2 Re8
37.Ba5 Re6  1-0